Courting trouble (Record no. 140528)

MARC details
000 -LEADER
fixed length control field 00468nam a2200181Ia 4500
008 - FIXED-LENGTH DATA ELEMENTS--GENERAL INFORMATION
fixed length control field 191130s2002##################000#0#eng##
020 ## - INTERNATIONAL STANDARD BOOK NUMBER
ISBN 9780061031410
082 ## - DEWEY DECIMAL CLASSIFICATION NUMBER
Classification number 813.54 SCO
100 ## - MAIN ENTRY--AUTHOR NAME
Personal name Scottoline, Lisa
245 ## - TITLE STATEMENT
Title Courting trouble
Statement of responsibility, etc Lisa Scottoline
260 ## - PUBLICATION, DISTRIBUTION, ETC. (IMPRINT)
Place of publication New York
Name of publisher HarperTorch
Year of publication 2002
300 ## - PHYSICAL DESCRIPTION
Number of Pages 418 p
650 ## - SUBJECT ADDED ENTRY--TOPICAL TERM
Topical Term English Fiction
991 ## -
-- 199914
Holdings
Withdrawn status Lost status Damaged status Not for loan Home library Current library Date acquired Full call number Accession Number Price effective from Koha item type
        Anna Centenary Library Anna Centenary Library 12.10.2020 813.54 SCO 493891 12.10.2020 English Books

Find us on the map